Prokletý kraj /
Román s kriminální zápletkou, zasazený do drsných šumavských hor.
Uloženo v:
| Hlavní autor: | |
|---|---|
| Médium: | E-kniha |
| Jazyk: | Czech |
| Vydáno: |
Praha :
Motto,
2021
|
| Vydání: | Vydání první |
| Témata: | |
| Tagy: |
Žádné tagy |
| LEADER | 02008nam a2200373 i 4500 | ||
|---|---|---|---|
| 001 | 311531 | ||
| 003 | CZ PrSKC | ||
| 005 | 20260601215707.0 | ||
| 007 | ta | ||
| 008 | 210819s2021 xr g 000 f cze | ||
| 015 | |a cnb003347822 | ||
| 020 | |a 9788026720713 |q (vázáno) | ||
| 035 | |a (OCoLC)1284973547 | ||
| 040 | |a ABG001 |b cze |d ABA001 |e rda | ||
| 072 | 7 | |a 821.162.3-3 |x Česká próza |2 Konspekt | |
| 080 | |a 821.162.3-31 |2 MRF | ||
| 080 | |a (0:82-31) |2 MRF | ||
| 100 | 1 | |a Klevisová, Michaela, |d 1976- |7 xx0065727 |4 aut | |
| 245 | 1 | 0 | |a Prokletý kraj / |c Michaela Klevisová |
| 250 | |a Vydání první | ||
| 264 | 1 | |a Praha : |b Motto, |c 2021 | |
| 300 | |a 302 stran ; |c 21 cm | ||
| 336 | |a text |b txt |2 rdacontent | ||
| 337 | |a bez média |b n |2 rdamedia | ||
| 338 | |a svazek |b nc |2 rdacarrier | ||
| 520 | 2 | |a Román s kriminální zápletkou, zasazený do drsných šumavských hor. |b Jelení Horou se několikrát prohnaly dějiny plné nenávisti a zmaru. Vesnička ukrytá v pošumavských lesích dodnes není ideální místo k životu. Gerdu s dcerou k návratu sem přiměl jenom rozvod a nedostatek peněz. Z jednotvárnosti ji vytrhne až seznámení s Lindou, která tu pátrá po minulosti své rodiny. Vzápětí ale ve vesnici za podivných okolností někdo zemře... a zločin oběma ženám pomůže odhalit staré tajemství, které nikdy nemělo vyjít na povrch. Nakladatelská anotace. | |
| 655 | 7 | |a české romány |7 fd133974 |2 czenas | |
| 655 | 9 | |a Czech fiction |2 eczenas | |
| 900 | |a ABA001 |b 19 | ||
| 928 | 9 | |a Albatros Media - Motto | |
| 044 | |a xr | ||
| 910 | |a RBIT002 | ||
| 998 | |d 349743 |a https://core.palmknihy.cz/api/books/349743/cover?s4ofen |b https://core.palmknihy.cz/api/books/349743/cover/400?s4ofen |c https://core.palmknihy.cz/api/books/349743/cover/50?s4ofen |e 2031-12-31 |g 304 |i 9788026720713 |j https://core.palmknihy.cz/api/books/349743/preview.epub |k https://core.palmknihy.cz/api/books/349743/preview.pdf |l |q 49 |r 1 |s https://www.palmknihy.cz/kniha/349743 |t ebook |y 2021 |z 0 | ||
| 999 | |d 311529 | ||